000 00738nam a2200193 i 4500
001 91075
003 ES-MaACL
005 20230906180631.0
007 t|
008 050127s1979 sp ||||1| spa d
100 1 _aLeón Tello, Francisco José.
_971645
245 1 3 _aLa teoría española en la pintura en el siglo XVIII
_b: el tratado de Palomino /
_cFrancisco José León Tello y María M. Virginia Sanz Sanz.
260 _aMadrid :
_bUniversidad Autónoma, Cátedra de Estética,
_c[1979]
300 _a516 p. ;
_c22 cm.
700 1 _aSanz Sanz, María Virginia.
_9103684
710 2 _aUniversidad Autónoma de Madrid.
_bCátedra de Estética.
_97062
852 _aES-MaACL
_jL-144
_bR.100722
852 _aES-MaACL
_jL-783
_bR.101030
999 _c91075
_d91075